00663nab a2200193 i 4500001000400000003000400004005001700008008003900025040000800064080001700072100014200089245007200231260001000303500004200313650002000355773006800375942001300443999001300456BPPBPK20150202083558.0150202s2001 pl | | |000 ||pol cBPK a597.2/.5(28) aHEESE, Tomasz.d1996 -.bPolitechnika Koszalińska - Wydział Budownictwa i Inżynierii Środowiska,cKatedra Biologii Środowiskowej aZałożenia do regionalnej ochrony gatunkowej ryb /cTomasz Heese. c2001. aDane z bibliografii załącznikowej. 0aRyby - ochrona. iW :tRoczniki Naukowe PZW : Suplement. -g2001, R. 14, s. 15-37 cART2UKD c805d805